載入...

Complete solutions to co-ordinate geometry

書目詳細資料
主要作者: Chandra, J P
格式: Printed Book
出版: Meerut Pragati Prakashan
主題:
LEADER 00480nam a2200157 4500
082 |a 516.16 CHA-C 
100 |a Chandra, J P 
245 |a Complete solutions to co-ordinate geometry 
250
260 |a Meerut  |b Pragati Prakashan 
300
490
650 |a Coordinate systems-- Geometry-- Mathematics 
942 |c BK 
999 |c 234560  |d 234560 
952 |0 0  |1 0  |4 0  |6 516_160000000000000_CHAC  |7 0  |9 248693  |a SDE  |b SDE  |d 2019-12-12  |l 0  |o 516.16 CHA-C  |p SDE14016  |r 2019-12-12  |w 2019-12-12  |y BK